000
00208 a2200097 4500
001
2598
100
_a
Irving, D
245
_a
The Memoirs of Field Mar
260
_a
_b
Livillian Kimber
_c
090
_c
1895
_d
1895
942
_a
NUST-CAE
_c
M
_c
9946
999
_c
237671
_d
237671